000 00745cam a2200217 a 4500
001 000002847
005 20200929150253.0
008 980706s1998 ck b 001 0 spa
020 _a9586146219
040 _aDO-SdBNP
_bspa
_cBNPHU
082 _aCO862.44
_bL241t
100 1 _aLamus Obregón, Marina.
_99023
245 1 0 _aTeatro en Colombia :
_b1831-1886. Práctica teatral y sociedad /
_cMarina Lamus Obregón.
260 _aSanta Fe de Bogotá :
_bAriel,
_c1998.
300 _a400 p. ;
_c22 cm.
440 0 _aAriel historia
_99024
504 _aIncluye referencias bibliográficas p. 386-395 e índice.
504 _aIncluye un resumen cronológico : p. 331-379
650 4 _aTeatro colombiano
_99025
650 4 _aLiteratura colombiana
_91244
999 _c2681
_d2681